Les plus grandes forêts domaniales de France - Carte Quiz - Statistiques

Statistiques générales
  • Ce quiz a été pris 308 fois
  • Le résultat moyen est 8 sur 20
Réponses sur la Carte
Les réponses sont colorées sur une échelle allant du rouge au vert en fonction du pourcentage des utilisateurs qui les ont devinées à leur premier essai. Vous pouvez retrouver ces pourcentages ci-dessous.
 
Statistiques - réponses
Réponse % Correct
Forêt de Fontainebleau
87%
Forêt d'Orléans
86%
Forêt de Compiègne
75%
Forêt de Rambouillet
75%
Forêt de Haguenau
60%
Forêt du Haut Verdon
59%
Forêt du Canigou
49%
Forêt d'Eu
44%
Forêt des Maures
42%
Forêt de Châtillon-sur-Seine
40%
Forêt de la Hardt
31%
Forêt de Tronçais
30%
Forêt de l'Aigoual
29%
Forêt de Chaux
27%
Forêt d'Arc-en-Barrois
26%
Forêt de Lyons
19%
Forêt du Haut Vallespir
18%
Forêt de Retz
16%
Forêt de Mormal
14%
Forêt du Montcalm
14%
Aucun quiz correspondant
Distribution des résultats
% des personnes avec chaque résultat
Percentile par nombre de réponses
Votre historique - résultats
Vous n’avez pas pris ce quiz